000 00317nam a2200121Ia 4500
008 191201s2019 xx 000 0 und d
100 _aKULKARNI, SK
245 0 _aHandbook of experimental pharmacology
260 _bVallabh Praksahan
_aNew Delhi
_c2019
300 _a279
650 _aPharmacology
942 _2ddc
_cBK
_05
999 _c8215
_d8215